How to tell if your cat is plotting to kill you test Quiz Stats

Quiz not verified by Sporcle

Challenge
Share
Tweet
Embed
Score 0/10 Timer 10:00
0 Plays Today
Question Answer % Correct
Does your cat yawn frequently? Yes
98.9%
Does your cat bat at you in your sleep?Yes
98.9%
Does your cat frequently dart out of rooms when you enter?Yes
97.7%
Does your cat frequently hide and watch you?Yes
97.7%
Does your cat scratch everything in sight?Yes
97.7%
Does your cat give you 'Gifts'?Yes
97.7%
Does your cat try to eat your fish?Yes
97.7%
Does your cat lie in the place of your house with the most traffic?Yes
97.7%
Have you answered yes to every one of these questions?Yes
97.7%
Does your cat meow very loudly in your presence?Yes
96.6%

You're not logged in!

Compare scores with friends on all Sporcle quizzes.
Join for Free
OR
Log In

You Might Also Like...

Show Comments

Extras

Created Jan 14, 2014ReportNominate
Tags:cat, extra, kill, test

Top Quizzes Today


Score Distribution

Your Account Isn't Verified!

In order to create a playlist on Sporcle, you need to verify the email address you used during registration. Go to your Sporcle Settings to finish the process.

Report this User

Report this user for behavior that violates our Community Guidelines.

Details: